| 000 | 00563nam a2200205Ia 4500 | ||
|---|---|---|---|
| 003 | OSt | ||
| 005 | 20230516110911.0 | ||
| 008 | 210423s1990 xx 000 0 und d | ||
| 040 | _cAL | ||
| 041 | _aeng | ||
| 082 |
_a335.43 _223 _bMARS |
||
| 100 |
_aADAMS (John) _9104913 |
||
| 245 | _aKarl mark and frederick engls:selected works | ||
| 260 |
_aNew Delhi _bOxford University Press _c1990 |
||
| 365 |
_b6 _cINR |
||
| 650 |
_aEconomics _9104914 |
||
| 650 |
_aSocialism _9104915 |
||
| 906 | _aengls:selected ; frederick ; Karl ; mark ; works | ||
| 942 |
_2ddc _cBK |
||
| 999 |
_c172176 _d172176 |
||